000
00278nam a22001097a 4500
082
_a
604.2 ORD'E
100
_a
ORD, H
_9
57257
245
_a
ENGINEERING DRAWING AND MATERIALS FOR MECHANICAL ENGINEERING TECHNIQUES
250
_a
VOL-2
260
_a
LONDON
_b
EUP
_c
1963
942
_c
BK
999
_c
567550
_d
567550